<?xml version="1.0" encoding="UTF-8"?>
<record
    xmlns:xsi="http://www.w3.org/2001/XMLSchema-instance"
    xsi:schemaLocation="http://www.loc.gov/MARC21/slim http://www.loc.gov/standards/marcxml/schema/MARC21slim.xsd"
    xmlns="http://www.loc.gov/MARC21/slim">

  <leader>01847nam a2200325 a 4500</leader>
  <controlfield tag="005">20240412121436.0</controlfield>
  <controlfield tag="008">100804t2015||||ag  f   s  sp spa d</controlfield>
  <datafield tag="020" ind1=" " ind2=" ">
    <subfield code="a">9789876044325</subfield>
  </datafield>
  <datafield tag="041" ind1=" " ind2=" ">
    <subfield code="a">spa</subfield>
  </datafield>
  <datafield tag="092" ind1=" " ind2=" ">
    <subfield code="c">306</subfield>
    <subfield code="l">77</subfield>
    <subfield code="s">SAM</subfield>
  </datafield>
  <datafield tag="100" ind1="1" ind2=" ">
    <subfield code="a">Sampayo, Horacio</subfield>
    <subfield code="e">Comp.</subfield>
    <subfield code="9">3072</subfield>
  </datafield>
  <datafield tag="245" ind1=" " ind2="3">
    <subfield code="a">El acceso y la exclusi&#xF3;n en el cuidado de la salud: una perspectiva antropol&#xF3;gica.</subfield>
    <subfield code="b">Vol.2 An&#xE1;lisis de las continuidades y las rupturas en la forma de abordar la salud, la discriminaci&#xF3;n, la segregaci&#xF3;n, los prejuicios / </subfield>
    <subfield code="c">Horacio Sampayo</subfield>
  </datafield>
  <datafield tag="250" ind1=" " ind2=" ">
    <subfield code="a">1a ed. </subfield>
  </datafield>
  <datafield tag="260" ind1=" " ind2=" ">
    <subfield code="a">Neuqu&#xE9;n [Arg.]: </subfield>
    <subfield code="b">EDUCO;</subfield>
    <subfield code="c">2015.</subfield>
  </datafield>
  <datafield tag="300" ind1=" " ind2=" ">
    <subfield code="a">144 p.</subfield>
    <subfield code="c">23x16 cm.</subfield>
  </datafield>
  <datafield tag="500" ind1=" " ind2=" ">
    <subfield code="a">Sampayo, H. et al. (2015). El acceso y la exclusi&#xF3;n en el cuidado de la salud: una perspectiva antropol&#xF3;gica. Vol.2 An&#xE1;lisis de las continuidades y las rupturas en la forma de abordar la salud, la discriminaci&#xF3;n, la segregaci&#xF3;n, los prejuicios. (1a ed.). Neuqu&#xE9;n : EDUCO.</subfield>
  </datafield>
  <datafield tag="653" ind1=" " ind2="9">
    <subfield code="a">Por qu&#xE9; la antrolog&#xED;a trabaja sobre la salud</subfield>
  </datafield>
  <datafield tag="653" ind1=" " ind2=" ">
    <subfield code="a">Representaciones y pr&#xE1;cticas plurales en la asistencia de procesos que afecten la salud</subfield>
  </datafield>
  <datafield tag="653" ind1=" " ind2=" ">
    <subfield code="a">Cultura, salud y sectores populares en Am&#xE9;rica Latina. La naturalizaci&#xF3;n como negaci&#xF3;n de la historia</subfield>
  </datafield>
  <datafield tag="653" ind1=" " ind2="3">
    <subfield code="a">La masculinidad hegem&#xF3;nica como obst&#xE1;culo para el acceso a la salud de los varones en la provincia de Neuqu&#xE9;n</subfield>
  </datafield>
  <datafield tag="653" ind1=" " ind2="3">
    <subfield code="a">La comunicaci&#xF3;n: obst&#xE1;culos invisibles</subfield>
  </datafield>
  <datafield tag="653" ind1=" " ind2=" ">
    <subfield code="a">Mujeres migrantes, relaciones interculturales y trabajo enfermero. Aportes desde la antropolog&#xED;a</subfield>
  </datafield>
  <datafield tag="653" ind1=" " ind2="3">
    <subfield code="a">De emp&#xED;ricas a profesionales. La enfermer&#xED;a en la provincia de R&#xED;o Negro, 1960-1970</subfield>
  </datafield>
  <datafield tag="700" ind1="1" ind2=" ">
    <subfield code="a">Franquelli, Carla</subfield>
    <subfield code="9">3073</subfield>
  </datafield>
  <datafield tag="700" ind1="1" ind2=" ">
    <subfield code="a">Garc&#xED;a Gualda, Suyai Malen</subfield>
    <subfield code="9">3074</subfield>
  </datafield>
  <datafield tag="700" ind1="1" ind2=" ">
    <subfield code="a">Romero, Ana Mar&#xED;a</subfield>
    <subfield code="9">3075</subfield>
  </datafield>
  <datafield tag="700" ind1="1" ind2=" ">
    <subfield code="a">Jara, Mar&#xED;a de los Angeles</subfield>
    <subfield code="9">3076</subfield>
  </datafield>
  <datafield tag="700" ind1="1" ind2=" ">
    <subfield code="a">Flores, Marta</subfield>
    <subfield code="9">3077</subfield>
  </datafield>
  <datafield tag="942" ind1=" " ind2=" ">
    <subfield code="2">ddc</subfield>
    <subfield code="c">BK</subfield>
  </datafield>
  <datafield tag="999" ind1=" " ind2=" ">
    <subfield code="c">2263</subfield>
    <subfield code="d">2263</subfield>
  </datafield>
  <datafield tag="952" ind1=" " ind2=" ">
    <subfield code="0">0</subfield>
    <subfield code="1">0</subfield>
    <subfield code="2">ddc</subfield>
    <subfield code="4">0</subfield>
    <subfield code="7">0</subfield>
    <subfield code="a">BFM</subfield>
    <subfield code="b">BFM</subfield>
    <subfield code="c">CR</subfield>
    <subfield code="d">2016-08-31</subfield>
    <subfield code="e">Donaci&#xF3;n Prof. Sampayo, Horacio. Agosto 2016</subfield>
    <subfield code="l">0</subfield>
    <subfield code="o">306 77 SAM</subfield>
    <subfield code="p">3717</subfield>
    <subfield code="r">2016-08-31</subfield>
    <subfield code="t">Ej.1</subfield>
    <subfield code="w">2016-08-31</subfield>
    <subfield code="y">BK</subfield>
    <subfield code="z">Donaci&#xF3;n Prof. Sampayo, Horacio. Agosto 2016</subfield>
  </datafield>
  <datafield tag="952" ind1=" " ind2=" ">
    <subfield code="0">0</subfield>
    <subfield code="1">0</subfield>
    <subfield code="2">ddc</subfield>
    <subfield code="4">0</subfield>
    <subfield code="7">0</subfield>
    <subfield code="a">BFM</subfield>
    <subfield code="b">BFM</subfield>
    <subfield code="c">CR</subfield>
    <subfield code="d">2016-08-31</subfield>
    <subfield code="e">Donaci&#xF3;n Prof. Sampayo, Horacio. Agosto 2016</subfield>
    <subfield code="l">0</subfield>
    <subfield code="o">306 77 SAM</subfield>
    <subfield code="p">3718</subfield>
    <subfield code="r">2016-08-31</subfield>
    <subfield code="t">Ej.2</subfield>
    <subfield code="w">2016-08-31</subfield>
    <subfield code="y">BK</subfield>
    <subfield code="z">Donaci&#xF3;n Prof. Sampayo, Horacio. Agosto 2016</subfield>
  </datafield>
</record>
